| 000 | 00813 a2200229 4500 | ||
|---|---|---|---|
| 999 |
_c26558 _d26558 |
||
| 008 | 230703b ||||| |||| 00| 0 eng d | ||
| 020 |
_a9789332587908 _cRs999.00 |
||
| 041 | 0 | _aeng | |
| 082 | 0 | 0 |
_a670.42 _bK148 |
| 100 |
_aKalpakjian, Serope _95594 |
||
| 245 |
_aManufacturing Engineering and Technology / _cSerope Kalpakjian, and Steven R. Schmid |
||
| 250 | _a7th ed. / SI edition contributed by K.S. Vijay Sekar ; SI edition contributed by K.S. Vijay Sekar | ||
| 260 |
_aNoida : _bPearson india education services pvt. ltd., _c2023. |
||
| 300 |
_axxxii, 1180 p. : _bill. ; _c26 cm. |
||
| 500 | _aSI | ||
| 504 | _aIncludes index. | ||
| 650 | 0 | _aProduction Engineering | |
| 650 | 0 | _aManufacturing Technology | |
| 700 |
_95595 _aSchmid, Steven R. |
||
| 700 |
_95596 _aSekar, K. S. Vijay |
||
| 942 |
_2ddc _cBK |
||